000
00308nam a22001337a 4500
008
170605b xxu||||| |||| 00| 0 eng d
020
_a
9780821415382
041
_a
eng
080
_a
94(6)
100
_a
18
101
_a
SHH
245
_a
SOCIAL HISTORY & AFRICAN ENVIRONMENT
_c
BEINART, W
942
_2
udc
_c
BK
999
_c
15975
_d
15975